Name the dinosaur #1 - Statistics

General Stats
  • This quiz has been taken 46 times
  • The average score is 13 of 15
Answer Stats
Picture Answer % Correct
Ankylosaurus
97%
Brachiosaurus
97%
Allosaurus
93%
Spinosaurus
93%
Stegosaurus
93%
Triceratops
93%
Tyrannosaurus
90%
Carnotaurus
87%
Velociraptor
87%
Apatosaurus
80%
Pachycephalosaurus
73%
Parasaurolophus
73%
Brontosaurus
70%
Dilophosaurus
70%
Diplodocus
67%
No matching quizzes found
Score Distribution
Percent of People with Each Score
Percentile by Number Answered
Your Score History
You have not taken this quiz